مكتبة جامعة عجلون الوطنية

فهرس بحث المكتبة

Normal view MARC view
  • الأطفال الموهوبون-رعاية وعلاج-الأطفال الموهوبون. -تعليم-الأطفال الموهوبون-علم نفس

Entry Topical Term

Number of records used in: 1

001 - CONTROL NUMBER

  • control field: 21661

003 - CONTROL NUMBER IDENTIFIER

  • control field: JO-AjAnu

005 - DATE AND TIME OF LATEST TRANSACTION

  • control field: 20230606073741.0

008 - FIXED-LENGTH DATA ELEMENTS

  • fixed length control field: 230606|| aca||aabn | a|a d

040 ## - CATALOGING SOURCE

  • Original cataloging agency: JO-AjAnu
  • Transcribing agency: JO-AjAnu

150 ## - HEADING--TOPICAL TERM

  • Topical term or geographic name entry element: الأطفال الموهوبون-رعاية وعلاج-الأطفال الموهوبون. -تعليم-الأطفال الموهوبون-علم نفس

670 ## - SOURCE DATA FOUND

  • Source citation: Work cat.: (JO-AjAnu)11129: الشيخلي،خالد خليل, author 21660, الأطفال الموهوبون والمتفوقون:أساليب إكتشافهم وطرائق رعايتهم